LEADER 01419nam a2200289Ia 4500 001 991002702029707536 008 020414s20012001sz aaa 111 0 ger d 020 $a3905046245 035 $ab13567366-39ule_inst 040 $aDip.to Beni Culturali$bita 245 10$aGriechenland in der Kaiserzeit:$bneue funde und forschungen zu skulptur, architektur und topographie :$bkolloquium zum sechzigsten geburtstag von Prof. Dietrich Willers, $nBern, 12-13 Juni 1998 /$cherausgegeben von Christoph Reusser 260 $aZürich :$bInstitut für Klassische Archäologie der Universität Bern,$c2001 300 $a145 p., [53] p. di tav.:$bill. ;$c30 cm. 490 1 $aHASB ;$v4. Beiheft 600 10$aWillers, Dietrich 650 0$aArchitettura$zGrecia 650 0$aScultura$zGrecia 651 0$aGrecia$xStoria$y146 a. C. - 323 d. C. 700 1 $aReusser, Christoph$eauthor$4http://id.loc.gov/vocabulary/relators/aut$0169521 710 2 $aUniversität Bern.$bInstitut für Klassische Archäologie 830 0$aHefte des Archäologischen Seminars der Universität Bern.$pBeiheft ;$v4 907 $a.b13567366$b02-04-14$c25-07-07 912 $a991002702029707536 945 $aLE001 AR II 234 4°$g1$i2001000162956$lle001$nCambio$oe$pE25.00$q-$rl$s- $t0$u0$v0$w0$x0$y.i14526141$z25-07-07 996 $aGriechenland in der Kaiserzeit$91463367 997 $aUNISALENTO 998 $ale001$b25-07-07$cm$da $e-$fger$gsz $h0$i0 LEADER 01198nam0 22003131i 450 001 VAN0010893 005 20240328104741.396 010 $a88-15-04210-5 020 $aIT$b941805 100 $a20021128d1993 |0itac50 ba 101 $aita 102 $aIT 105 $a|||| ||||| 200 1 $aˆIl ‰sistema bancario spagnolo e l'integrazione europea$fAlessandra Barzaghi 210 $aBologna$cIl mulino$d[1993] 215 $a348 p.$d22 cm 410 1$1001VAN0008692$12001 $aStudi finanziari e bancari$1210 $aBologna$cIl mulino. 606 $aBanche$xSpagna$3VANC005986$2FI 606 $aFinanza$xSpagna$3VANC005987$2FI 620 $dBologna$3VANL000003 676 $a332.10946$v21 700 1$aBarzaghi$bAlessandra$3VANV008255$0127661 712 $aIl Mulino $3VANV107886$4650 801 $aIT$bSOL$c20240329$gRICA 899 $aBIBLIOTECA DEL DIPARTIMENTO DI GIURISPRUDENZA$1IT-CE0105$2VAN00 912 $aVAN0010893 950 $aBIBLIOTECA DEL DIPARTIMENTO DI GIURISPRUDENZA$d00CONS VI.Em.21 $e00 11771 20021129 996 $aSistema bancario spagnolo e l'integrazione europea$9640533 997 $aUNICAMPANIA